Shrek Quotes Quiz - Statistics

General Stats
  • This quiz has been taken 633 times
  • The average score is 10 of 13
Answer Stats
Character Hint Answer % Correct
Shrek Ogres are like ______. onions
93%
Fiona There's an arrow in your ____! butt
90%
Gingerbread Man Do you know the ______ ___? muffin man
90%
Shrek I have to save my ___. ass
88%
Shrek What are you doing __ __ _____!? in my swamp
83%
Shrek Oh, really? You and ____ ____? what army
81%
DuLoc Sign Please keep off of the grass, shine your shoes, wipe your ____. face
80%
Farquaad Some of you may die, but it's a sacrifice _ __ _______ __ ____. I am willing to make
77%
Shrek This is the part where ___ ___ ____. you run away
75%
Donkey I like that _______. That is a nice _______. boulder
71%
Smash Mouth Somebody once the world is gonna ____ __... roll me
68%
Donkey Oh, my God! You ate the ________! princess
63%
Donkey ...I bet you ain't never seen a ______ ___. donkey fly
58%
No matching quizzes found
Score Distribution
Percent of People with Each Score
Percentile by Number Answered
Your Score History
You have not taken this quiz